| 000 | 00489cam a22001697 4500 | ||
|---|---|---|---|
| 001 | ltf90004878 | ||
| 003 | DLC | ||
| 005 | 20260227111550.0 | ||
| 008 | 901030s1876 gw 000 0 ger | ||
| 010 | _altf90004878 | ||
| 040 |
_aDLC _cDLC _dDLC |
||
| 050 | 0 | 0 | _a4BS 221 |
| 100 | 1 |
_aSiegfried, Carl, _d1830-1903. |
|
| 245 | 1 | 4 |
_aDie Aufgabe der Geschichte der Alttestamentlichen Auslegung in der Gegenwart. _bAkademische Antrittsrede. |
| 260 |
_aJena, _bH. Dufft, _c1876. |
||
| 300 | _a20 p. | ||
| 999 |
_c37326 _d37326 |
||